Contaminación del aire en el cantón de Tibás

সংরক্ষণ করুন:
গ্রন্থ-পঞ্জীর বিবরন
প্রধান লেখক: Rivera Torrealba, Julia Lorena
বিন্যাস: গ্রন্থ
প্রকাশিত: [San José , Costa Rica] 1986
বিষয়গুলি:
ট্যাগগুলো: ট্যাগ যুক্ত করুন
কোনো ট্যাগ নেই, প্রথমজন হিসাবে ট্যাগ করুন!

MARC

LEADER 00000nam a2200000Ia 4500
003 004080
005 20221231144353.0
008 140114s1986 cr a m 000 ||s d
040 |c cru CEDI 
090 |a TFG 1848 
100 |a Rivera Torrealba, Julia Lorena  |9 14101 
245 |a Contaminación del aire en el cantón de Tibás  
260 |c 1986  |a [San José , Costa Rica] 
300 |a  v, 131 hojas : ilustraciones ; 28 cm  
500 |a  Proyecto de graduacion (licenciatura en ingenieria civil)--Universidad de Costa Rica. Facultad de Ingeniería. Escuela de Ingenieria Civil 
650 |x CONTAMINACION DEL AIRE  |9 14102 
942 |c TFG 
999 |c 20878  |d 20878